[Event "New York op"]
[Site "New York"]
[Date "1991.??.??"]
[Round "2"]
[White "Ehlvest, Jaan"]
[Black "Byrne, Robert E"]
[Result "1-0"]
[WhiteElo "2650"]
[BlackElo "2465"]

1.c4 g6 2.d4 Nf6 3.Nf3 Bg7 4.g3 O-O 5.Bg2 d6 6.O-O c5 7.dxc5 dxc5 8.Ne5 Na6
9.Nc3 Rb8 10.Nd3 Nh5 11.Nb5 Be6 12.Qb3 Qb6 13.Be3 f5 14.Rad1 Bf7 15.Qc2 Qa5
16.a3 e5 17.Nxc5 Nxc5 18.Bxc5 Rfc8 19.b4 Qa6 20.Nd6 b6 21.b5  1-0

[Event "New York op"]
[Site "New York"]
[Date "1991.??.??"]
[Round "6"]
[White "Ehlvest, Jaan"]
[Black "Gurevich, Ilya"]
[Result "1/2-1/2"]
[WhiteElo "2650"]
[BlackElo "2455"]

1.d4 Nf6 2.Nf3 g6 3.c4 Bg7 4.g3 c6 5.Bg2 d5 6.Qb3 O-O 7.Nc3 Qb6 8.O-O Bf5
9.h3 dxc4 10.Qxc4 Na6 11.Re1 Qb4 12.Qxb4 Nxb4 13.e4 Be6 14.Rd1 Nc2 15.Rb1 Nxe4
16.Nxe4 Bxa2 17.Bg5 Bxb1 18.Rxb1 Rfe8 19.Nc5 Nxd4 20.Nxb7 Rab8 21.Nxd4 Bxd4
22.Na5 Rxb2 23.Rxb2 Bxb2 24.Nxc6 a6 25.Bf1 Ra8 26.Bg2 Re8 27.Bf1 Ra8  1/2-1/2

[Event "New York op"]
[Site "New York"]
[Date "1991.??.??"]
[Round "8"]
[White "Wolff, Patrick G"]
[Black "Ehlvest, Jaan"]
[Result "1/2-1/2"]
[WhiteElo "2520"]
[BlackElo "2650"]

1.e4 g6 2.d4 d6 3.Nf3 Nf6 4.Nc3 Bg7 5.Be2 O-O 6.O-O Bg4 7.Be3 Nc6 8.d5 Bxf3
9.Bxf3 Ne5 10.Be2 c6 11.a4 a5 12.Re1 Qc7 13.Bd4 Ned7 14.Bf1 Rac8 15.Qd2 Ne8
16.Rad1 Bxd4 17.Qxd4 Nef6 18.Rd2 Rfd8 19.f4 Qb6 20.Qxb6 Nxb6 21.b3 Kf8 22.dxc6 bxc6
23.Red1 d5 24.Be2 e6 25.Bf3 Ke7 26.Kf2 h6 27.exd5 cxd5 28.Nb5 g5 29.g3 Rg8
30.f5 g4 31.Bg2 Nbd7 32.fxe6 fxe6 33.Re2 Rg5 34.Rde1 Nc5 35.Kg1 Rb8 36.Re3 Rb6
37.Rc1 Ne8 38.Rd1 Nd6 39.Bxd5 Nxb5 40.axb5 Rxb5 41.Bg2 Rb4 42.Ra1 a4 43.bxa4 Rxa4
44.Rxa4 Nxa4 45.h3  1/2-1/2

[Event "Oviedo rapid"]
[Site "Oviedo"]
[Date "1991.??.??"]
[Round "3"]
[White "Ehlvest, Jaan"]
[Black "Glavina, Pablo"]
[Result "1/2-1/2"]
[WhiteElo "2650"]
[BlackElo "2380"]

1.e4 c6 2.d4 d5 3.e5 Bf5 4.Nf3 e6 5.Be2 c5 6.O-O Nc6 7.c3 Bg6 8.a3 c4 9.g3 f6
10.exf6 Nxf6 11.Re1 Bd6 12.Ng5 Ne4 13.Nxe4 Bxe4 14.Bh5+ g6 15.Bf3 Bxf3 16.Qxf3 Kd7
17.Bh6 Re8 18.Nd2 Ne7 19.Qf7 Kc6 20.Bg5 Qd7 21.Qxe6 Qxe6 22.Rxe6 Nf5 23.Rae1 Rxe6
24.Rxe6 Kd7 25.Re2 h6 26.Bf6 b5 27.Be5 a5 28.Nf3 b4 29.g4 Ne7 30.axb4 axb4
31.Bxd6 Kxd6 32.Ne5 h5 33.h3 Ra2 34.Kf1 hxg4 35.hxg4  1/2-1/2

[Event "Oviedo rapid"]
[Site "Oviedo"]
[Date "1991.??.??"]
[Round "6"]
[White "Sion Castro, Marcelino"]
[Black "Ehlvest, Jaan"]
[Result "1-0"]
[WhiteElo "2405"]
[BlackElo "2650"]

1.e4 g6 2.d4 d6 3.Nc3 c6 4.Be3 d5 5.Nf3 Bg7 6.h3 Nh6 7.Qd2 dxe4 8.Bxh6 Bxh6
9.Qxh6 exf3 10.Qg7 Rf8 11.O-O-O Qd6 12.d5 Nd7 13.dxc6 Qf4+ 14.Kb1 bxc6 15.g3 Qe5
16.Qh6 Rb8 17.Qd2 Rg8 18.Bc4 Kf8 19.Rhe1 Qf6 20.Bb3 Nc5 21.Qh6+ Ke8 22.Qe3 Nxb3
23.axb3 Kf8 24.Qh6+ Ke8 25.Ne4 Qe5 26.Nd6+ exd6 27.Rxe5+ dxe5 28.Qg5 Be6
29.Qxe5 Rc8 30.h4 Kf8 31.Qf6 Bd5 32.Re1 Re8 33.Rxe8+ Kxe8 34.c4 Be6 35.Qxf3 Kd7
36.Qe3 Ra8 37.g4 a5 38.Qd4+ Kc7 39.h5 gxh5 40.gxh5 a4 41.b4 Rg8 42.b5 Kb7
43.Qc5 Rc8 44.b6 Ka6 45.f4 f5 46.Qe7  1-0

[Event "Oviedo rapid"]
[Site "Oviedo"]
[Date "1991.??.??"]
[Round "8"]
[White "Acebal, Antonio"]
[Black "Ehlvest, Jaan"]
[Result "0-1"]
[WhiteElo "2300"]
[BlackElo "2650"]

1.Nf3 c5 2.c4 Nc6 3.Nc3 Nf6 4.d4 cxd4 5.Nxd4 Qb6 6.e3 e6 7.Be2 Be7 8.O-O O-O
9.b3 a6 10.Bb2 d6 11.Rc1 Bd7 12.Qd2 Rfd8 13.Rfd1 Be8 14.e4 Ne5 15.h3 Ned7
16.Qe3 h6 17.Nc2 Qxe3 18.Nxe3 Nc5 19.f3 Nh5 20.Kf2 Bh4+ 21.Kg1 Bg5 22.Kf2 Bh4+
23.Kg1 Ng3 24.Rc2 h5 25.Nf1 Nxe2+ 26.Nxe2 b5 27.Ne3 Be7 28.Kf2 h4 29.Rcd2 Rdb8  0-1

[Event "Pamplona"]
[Site "Pamplona"]
[Date "1991.??.??"]
[Round "6"]
[White "Oll, Lembit"]
[Black "Ehlvest, Jaan"]
[Result "1/2-1/2"]
[WhiteElo "2600"]
[BlackElo "2605"]

1.e4 d6 2.d4 Nf6 3.f3 d5 4.e5 Nfd7 5.f4 c5 6.Nf3 e6 7.c3 Nc6 8.Bd3 Qb6 9.Bc2 g6
10.O-O a5 11.Kh1 Be7 12.a4 cxd4 13.cxd4 Nb4 14.Bb3 Nb8 15.Nc3 N8c6 16.Be3 Na7
17.Qd2 Bd7 18.Bd1 Qd8 19.Be2 Rb8 20.Rac1 b5 21.axb5 Nxb5 22.g4 Na7 23.Ne1 Qb6
24.Nd3 Qb7 25.f5 Nac6 26.fxe6 fxe6 27.Rf2 Nxd3 28.Qxd3 Nxe5 29.dxe5 d4+ 30.Ne4 Bc6
31.Kg1  1/2-1/2

[Event "Philadelphia World op"]
[Site "Philadelphia"]
[Date "1991.??.??"]
[Round "?"]
[White "Ehlvest, Jaan"]
[Black "Ftacnik, Lubomir"]
[Result "1-0"]
[WhiteElo "2605"]
[BlackElo "2575"]

1.e4 d6 2.d4 Nf6 3.Nc3 g6 4.Be3 c6 5.Qd2 b5 6.f3 Nbd7 7.g4 Bb7 8.Nge2 e5
9.g5 Nh5 10.Ng3 Ng7 11.d5 a6 12.h4 f5 13.f4 fxe4 14.Bg2 Nf5 15.Nxf5 gxf5
16.Bh3 b4 17.dxc6 bxc3 18.Qxc3 Rc8 19.cxd7+ Qxd7 20.Qb3 Bg7 21.Rf1 Rf8 22.O-O-O Bc6
23.Qb4 d5 24.fxe5 Bxe5 25.Bd4 Bd6 26.Qd2 Bb5 27.Rf2 Bd3 28.Qe1 Qb5 29.Kb1 Bb4
30.Qg1 Be2 31.Bf1 Rxc2 32.Rxe2 Rxe2 33.g6 hxg6 34.Qxg6+ Kd7 35.Qh5 Rxb2+
36.Bxb2 Qb7 37.Bc4 Bc3 38.Qh7+ Kc8 39.Qxb7+ Kxb7 40.Bxd5+  1-0

[Event "Philadelphia World op"]
[Site "Philadelphia"]
[Date "1991.??.??"]
[Round "7"]
[White "Ehlvest, Jaan"]
[Black "Browne, Walter S"]
[Result "1-0"]
[WhiteElo "2605"]
[BlackElo "2525"]

1.c4 e5 2.Nc3 Nc6 3.g3 g6 4.Bg2 Bg7 5.Rb1 a5 6.d3 f5 7.e3 Nf6 8.Nge2 O-O
9.O-O d6 10.b3 g5 11.d4 e4 12.f3 exf3 13.Bxf3 Bd7 14.Qd2 Qe7 15.Nd5 Nxd5
16.cxd5 Nd8 17.Nc3 Nf7 18.Bb2 g4 19.Bg2 Bh6 20.Rbe1 Rae8 21.Bc1 Ng5 22.a4 b6
23.Qc2 Qd8 24.Qe2 Re7 25.Rf2 Bc8 26.e4 Ref7  1-0

[Event "Reggio Emilia91 Top16"]
[Site "Reggio Emilia"]
[Date "1991.??.??"]
[Round "?"]
[White "Karpov, Anatoly"]
[Black "Ehlvest, Jaan"]
[Result "1/2-1/2"]
[WhiteElo "2725"]
[BlackElo "2650"]

1.d4 Nf6 2.c4 e6 3.Nf3 b6 4.g3 Bb7 5.Bg2 Be7 6.Nc3 Ne4 7.Bd2 d6 8.d5 Nxd2
9.Qxd2 e5 10.h4 Nd7 11.e4 Nf6 12.Bh3 g6 13.Nh2 Bf8 14.O-O Bg7 15.b4 O-O 16.Qe2 Qe7
17.Kg2 h5 18.a3 Ne8 19.Rae1 Bh6 20.Qd3 Ng7 21.Ne2 Rae8 22.f4 exf4 23.Nxf4 Bxf4
24.Rxf4 f6 25.Rff1 Kh7 26.Nf3 c5 27.Rf2 Bc8 28.Bxc8 Rxc8 29.b5 Rf7 30.a4 Rcf8
31.a5 Kg8 32.Rfe2 Qd8 33.Qd2 Kh7 34.Rf2 Re7 35.Qf4 bxa5 36.Ra2 a6 37.bxa6 Ra7
38.Rb1 Rxa6 39.Rb7 a4 40.Qc1 Qe8 41.Qb1 Rf7 42.Rb8 Qd7  1/2-1/2

[Event "Reggio Emilia91 Top16"]
[Site "Reggio Emilia"]
[Date "1991.??.??"]
[Round "?"]
[White "Ehlvest, Jaan"]
[Black "Karpov, Anatoly"]
[Result "1/2-1/2"]
[WhiteElo "2650"]
[BlackElo "2725"]

1.c4 e5 2.Nc3 Nc6 3.g3 g6 4.Bg2 Bg7 5.d3 d6 6.Rb1 a5 7.a3 Nf6 8.Nf3 O-O 9.O-O Bg4
10.h3 Bd7 11.b4 axb4 12.axb4 Re8 13.Nd2 h6 14.Kh2 Qc8 15.e3 Nd8 16.Nd5 Nh7
17.Bb2 Ne6 18.Ra1 Rb8 19.b5 Qd8 20.Bc3 Nf6 21.Nxf6+ Bxf6 22.Ra7 Nc5 23.d4 exd4
24.exd4 Bf5 25.Ba1 Ne4 26.Nxe4  1/2-1/2

[Event "Terrassa"]
[Site "Terrassa"]
[Date "1991.??.??"]
[Round "3"]
[White "Ehlvest, Jaan"]
[Black "Romanishin, Oleg M"]
[Result "1-0"]
[WhiteElo "2650"]
[BlackElo "2610"]

1.Nf3 Nf6 2.c4 e6 3.Nc3 Bb4 4.Qb3 c5 5.g3 Nc6 6.a3 Ba5 7.Bg2 O-O 8.O-O d5
9.d3 h6 10.Na4 b6 11.Bf4 Bd7 12.Nc3 Bxc3 13.Qxc3 d4 14.Qc2 Re8 15.Ne5 Nxe5
16.Bxe5 Ng4 17.Bxa8 Qxa8 18.Bf4 e5 19.Bc1 f5 20.f3 Ne3 21.Bxe3 dxe3 22.Kh1 Bc6
23.Qc1 f4 24.Qc3 fxg3 25.Qc1 e4 26.dxe4 Bxe4 27.fxe4 Rxe4 28.Rf3 g5 29.Qg1 gxh2
30.Qg2  1-0

[Event "Terrassa"]
[Site "Terrassa"]
[Date "1991.??.??"]
[Round "7"]
[White "Illescas Cordoba, Miguel"]
[Black "Ehlvest, Jaan"]
[Result "0-1"]
[WhiteElo "2545"]
[BlackElo "2650"]

1.d4 Nf6 2.Nf3 e6 3.g3 b6 4.Bg2 Bb7 5.O-O Be7 6.c4 O-O 7.Nc3 Ne4 8.Bd2 f5
9.d5 Bf6 10.Rc1 Na6 11.Be1 Nac5 12.Nd4 Qe7 13.Nxe4 Nxe4 14.f3 Ng5 15.Bf2 c5
16.dxc6 dxc6 17.Qb3 c5 18.Nb5 Nf7 19.a4 Ne5 20.a5 Nc6 21.axb6 axb6 22.Rfd1 Rfd8
23.f4 Na5 24.Qc2 Bxg2 25.Kxg2 Nc6 26.Be1 e5 27.fxe5 Nxe5 28.b3 Ng4 29.Rxd8+ Rxd8
30.Bf2 Bg5 31.Ra1 Qb7+  0-1

[Event "Brussels SWIFT blitz"]
[Site "Brussels"]
[Date "1992.??.??"]
[Round "?"]
[White "Georgiev, Kiril"]
[Black "Ehlvest, Jaan"]
[Result "1-0"]
[WhiteElo "2605"]
[BlackElo "2615"]

1.e4 c5 2.Nf3 d6 3.d4 cxd4 4.Nxd4 Nf6 5.Nc3 a6 6.Be2 e6 7.O-O Be7 8.f4 O-O
9.Kh1 Qc7 10.a4 Nc6 11.Be3 Re8 12.Bd3 Nb4 13.a5 Bd7 14.Nf3 Nxd3 15.cxd3 Bc6
16.Qe1 Nd7 17.Bd4 Bf8 18.Qg3 e5 19.Be3 exf4 20.Bxf4 Ne5 21.Nd4 Ng6 22.Be3 Rad8
23.Nf5 Rd7 24.Bb6 Qb8 25.Ne3 Ne5 26.Ned5 Ng6 27.Bd4 Re6 28.Rf5 Qd8 29.Rh5 Re5
30.Bxe5 dxe5 31.Qh3 h6 32.Qg3 Bd6 33.Rf5 Kh7 34.h3 Nf4 35.Rxf4 exf4 36.Qg4 g6
37.d4 h5 38.Qe2 Bb8 39.b4 Ba7 40.Rd1 Qg5 41.Qf3 Qg3 42.Qxg3 fxg3 43.Nf6+ Kg7
44.Nxd7 Bxd7 45.e5 Kf8 46.Ne4 Bc6 47.d5 Bb5 48.Nc5 Ke7 49.d6+ Kd8 50.Nxb7+ Kd7
51.Nc5+ Bxc5 52.bxc5  1-0

[Event "Calcutta"]
[Site "Calcutta"]
[Date "1992.??.??"]
[Round "3"]
[White "Manoj, Verma"]
[Black "Ehlvest, Jaan"]
[Result "0-1"]
[WhiteElo "2275"]
[BlackElo "2615"]

1.e4 d6 2.d4 g6 3.Nc3 c6 4.a4 Bg7 5.Bc4 Nf6 6.Bb3 Qc7 7.Nge2 e5 8.f3 O-O
9.Bg5 h6 10.Be3 Na6 11.Qd2 Kh7 12.O-O Be6 13.Bxe6 fxe6 14.Nc1 Rad8 15.Qe2 d5
16.exd5 exd5 17.Nb3 exd4 18.Bxd4 Rde8 19.Qd2 h5 20.Kh1 Bh6 21.f4 h4  0-1

[Event "Calcutta"]
[Site "Calcutta"]
[Date "1992.??.??"]
[Round "4"]
[White "Ehlvest, Jaan"]
[Black "Wajih, Nassir"]
[Result "1-0"]
[WhiteElo "2615"]
[BlackElo "2315"]

1.d4 Nf6 2.Nf3 g6 3.c4 Bg7 4.g3 O-O 5.Bg2 d6 6.Nc3 Nc6 7.O-O e5 8.d5 Ne7
9.c5 Ne8 10.cxd6 cxd6 11.a4 f5 12.Ng5 Nc7 13.Qb3 e4 14.Nh3 h6 15.f3 exf3
16.exf3 g5 17.f4 g4 18.Nf2 h5 19.Be3 h4 20.Rfe1 b6 21.Nd3 Bb7 22.a5 h3 23.Bh1 Bxc3
24.bxc3 Kh7 25.c4 b5 26.Nb4 bxc4 27.Qxc4 Rc8 28.Qd3 Qd7 29.Ra2 Nb5 30.a6 Ba8
31.Ra5 Rb8 32.Bd2 Rf7 33.Qc4 Qc7 34.Nc6 Nxc6 35.dxc6 Qb6+ 36.Be3 Qxa5 37.Qxf7+ Kh8
38.Qh5+ Kg8 39.Bd5+ Kg7 40.Bd4+  1-0

[Event "Calcutta"]
[Site "Calcutta"]
[Date "1992.??.??"]
[Round "5"]
[White "Thipsay, Praveen Mahadeo"]
[Black "Ehlvest, Jaan"]
[Result "0-1"]
[WhiteElo "2485"]
[BlackElo "2615"]

1.e4 c5 2.Nf3 d6 3.d4 cxd4 4.Nxd4 Nf6 5.Nc3 Nc6 6.Be2 e6 7.O-O Be7 8.Be3 Bd7
9.f4 Nxd4 10.Bxd4 Bc6 11.Bd3 O-O 12.Kh1 Qd7 13.Qe2 Qc7 14.e5 dxe5 15.Bxe5 Qb6
16.f5 exf5 17.Rxf5 Rae8 18.Qd2 Ng4 19.Bg3 g6 20.Nd5 Qxb2 21.Nxe7+ Rxe7 22.Rg1 Rfe8
23.Rf4 Ne3 24.Bh4 Qe5 25.Bg3 Qd5 26.c4 Qd7 27.Qc3 Rd8 28.Bf1 g5 29.Rf6 Qd4
30.Qxd4 Rxd4 31.Bd6 Re8 32.Bc5 Rd2 33.h4 Re4 34.Rh6 Nf5  0-1

[Event "Calcutta"]
[Site "Calcutta"]
[Date "1992.??.??"]
[Round "6"]
[White "Ehlvest, Jaan"]
[Black "Murshed, Niaz"]
[Result "1-0"]
[WhiteElo "2615"]
[BlackElo "2505"]

1.e4 e5 2.Nf3 Nc6 3.d4 exd4 4.Nxd4 Bc5 5.Be3 Qf6 6.c3 Nge7 7.Bc4 d6 8.O-O Nxd4
9.cxd4 Bb6 10.Nc3 O-O 11.Qd2 h6 12.f4 Be6 13.d5 Bxe3+ 14.Qxe3 Bd7 15.Rae1 a6
16.Rf3 Rae8 17.Qf2 Kh8 18.Bd3 Qg6 19.Rfe3 f5 20.e5 dxe5 21.fxe5 Qb6 22.R3e2 Qxf2+
23.Kxf2 Rd8 24.Rd2 Be8 25.Bc2 g5 26.Bd1 Kg7 27.Bb3 Ng6 28.a4 f4 29.Bc2 Ne7
30.d6 Bg6 31.Bxg6 Nxg6 32.d7 Rf5 33.e6  1-0

[Event "Calcutta"]
[Site "Calcutta"]
[Date "1992.??.??"]
[Round "9"]
[White "Eingorn, Vereslav S"]
[Black "Ehlvest, Jaan"]
[Result "1/2-1/2"]
[WhiteElo "2580"]
[BlackElo "2615"]

1.d4 Nf6 2.c4 g6 3.Nc3 d5 4.e3 Bg7 5.Qb3 e6 6.Qa3 Nc6 7.Nf3 a5 8.Be2 Nb4
9.Qa4+ Bd7 10.Qd1 dxc4 11.Bxc4 c5 12.O-O cxd4 13.Nxd4 O-O  1/2-1/2

[Event "Calcutta"]
[Site "Calcutta"]
[Date "1992.??.??"]
[Round "10"]
[White "Ehlvest, Jaan"]
[Black "King, Daniel J"]
[Result "1/2-1/2"]
[WhiteElo "2615"]
[BlackElo "2505"]

1.d4 Nf6 2.Nf3 e6 3.g3 Be7 4.Bg2 O-O 5.O-O d5 6.c4 dxc4 7.Qc2 a6 8.Nbd2 b5
9.Ng5 Ra7 10.b3 cxb3 11.Nxb3 h6 12.Nh3 a5 13.Rd1 Nbd7 14.Rb1 b4 15.Bb2 a4
16.Nc5 Nxc5 17.dxc5 Qe8 18.c6 Ra5 19.Bxf6 gxf6 20.Qd2 Kg7 21.Nf4 Bd6 22.Nd3 Qe7
23.a3 Rb5 24.axb4 Ba6 25.Qa2 Rfb8 26.Qxa4 R5b6 27.Nf4 Bxf4 28.gxf4 Bxe2 29.Rd4 Rd8
30.Qa1 Bb5 31.Rc1 Rd6 32.Qc3 Rxd4 33.Qxd4 Ba4 34.Rc5 Rb8 35.Bf3 Bb5 36.Qd7 Qxd7
37.cxd7 Bxd7 38.Rxc7 Be8 39.Rb7 Rc8 40.b5 Rc3 41.Kg2 Rb3 42.Bc6 Bxc6+ 43.bxc6 Rc3
44.c7 Kg6 45.f3  1/2-1/2

[Event "FRA-chT"]
[Site "?"]
[Date "1992.??.??"]
[Round "?"]
[White "Ehlvest, Jaan"]
[Black "Dubois, Jean Marie"]
[Result "1-0"]
[WhiteElo "2615"]
[BlackElo "2310"]

1.c4 Nc6 2.Nc3 e5 3.g3 g6 4.Bg2 Bg7 5.Rb1 a5 6.e3 f5 7.Nge2 Nf6 8.d3 O-O
9.O-O d6 10.b3 Ne7 11.Qd2 c6 12.Ba3 Be6 13.f4 Qd7 14.e4 Rfe8 15.Kh1 Rad8
16.Na4 b5 17.fxe5 dxe5 18.Nc5 Qc8 19.Qxa5 fxe4 20.Nxe4 Nxe4 21.Bxe4 bxc4
22.bxc4 Nf5 23.Bc5 Bh6 24.Qb6  1-0

[Event "Helsinki op"]
[Site "Helsinki"]
[Date "1992.??.??"]
[Round "3"]
[White "Ehlvest, Jaan"]
[Black "Sturua, Zurab"]
[Result "1/2-1/2"]
[WhiteElo "2635"]
[BlackElo "2545"]

1.d4 Nf6 2.Nf3 e6 3.c4 b6 4.g3 Ba6 5.Nbd2 Bb7 6.Bg2 c5 7.e4 cxd4 8.e5 Ng8
9.O-O Bc5 10.Re1 Ne7 11.Nb3 Bxf3 12.Qxf3 Nbc6 13.Bg5 Rc8 14.Rad1 d6 15.Bxe7 Qxe7
16.exd6 Qxd6 17.Qg4 O-O 18.Bxc6 Qxc6 19.Nxd4 Qa4 20.Qe2 Bxd4 21.Rxd4 Qxa2
22.Red1 h6 23.R1d2 Qb3 24.R2d3 Qb4 25.b3 Qc5 26.Qd2 a5 27.h4 Ra8 28.Qc3 a4
29.bxa4 Rxa4 30.Rg4 g6 31.Qf6 Qf5 32.Qxf5 exf5 33.Rgd4 Rc8 34.Rd8+ Rxd8 35.Rxd8+ Kg7
36.Rc8 f4 37.Rc6 f3 38.Rxb6  1/2-1/2

[Event "Helsinki op"]
[Site "Helsinki"]
[Date "1992.??.??"]
[Round "4"]
[White "Sveshnikov, Evgeny"]
[Black "Ehlvest, Jaan"]
[Result "1/2-1/2"]
[WhiteElo "2525"]
[BlackElo "2635"]

1.e4 e5 2.Nf3 Nc6 3.Bc4 Nf6 4.d4 exd4 5.e5 Ng4 6.Qe2 Qe7 7.Bf4 f6 8.exf6 Nxf6
9.Nbd2 Qxe2+ 10.Kxe2 Bc5 11.Rhe1 d5 12.Kf1+ Kd8 13.Bd3 Nb4 14.Nb3 Bb6 15.Nbxd4 Nxd3
16.cxd3 Bd7 17.Ng5 Kc8 18.Rac1 Re8 19.Nge6 c6 20.h3 Nh5 21.Bh2 Bxe6 22.Nxe6 Kd7
23.Nc5+ Bxc5 24.Rxe8  1/2-1/2

[Event "Helsinki op"]
[Site "Helsinki"]
[Date "1992.??.??"]
[Round "6"]
[White "Moskalenko, Viktor"]
[Black "Ehlvest, Jaan"]
[Result "0-1"]
[WhiteElo "2535"]
[BlackElo "2635"]

1.d4 Nf6 2.c4 e6 3.Nf3 c5 4.d5 exd5 5.cxd5 d6 6.Nc3 g6 7.g3 Bg7 8.Bg2 O-O
9.O-O Na6 10.e4 Re8 11.Nd2 Nc7 12.a4 b6 13.Re1 Ng4 14.Nf3 Ne5 15.Nxe5 Bxe5
16.h4 Qd7 17.Bf4 Bg7 18.e5 dxe5 19.d6 Ne6 20.Bxa8 exf4 21.gxf4 Nxf4 22.Rxe8+ Qxe8
23.Qf3 Ne6 24.Nd5 Bd7 25.Ne7+ Kf8 26.Bd5 Nd4 27.Qe4 f5 28.Qg2 Qb8 29.Qh2 Be6
30.Bg2 Qe8 31.Re1 Qxa4 32.Nc6 Bd7 33.Nxd4 Qxd4 34.Qg3 Bf6 35.h5 g5 36.Qf3 Qxd6
37.Qa8+ Kg7 38.Qxa7 Kh6 39.Bf3  0-1

[Event "Helsinki op"]
[Site "Helsinki"]
[Date "1992.??.??"]
[Round "7"]
[White "Ehlvest, Jaan"]
[Black "Kharitonov, Andrei Y"]
[Result "1/2-1/2"]
[WhiteElo "2635"]
[BlackElo "2505"]

1.d4 Nf6 2.c4 e6 3.Nf3 d5 4.g3 Bb4+ 5.Nbd2 c5 6.dxc5 Bxc5 7.Bg2 O-O 8.O-O Nc6
9.Qc2 Qe7 10.e3 Rd8 11.a3 a5 12.b3 d4 13.exd4 Bxd4 14.Bb2 Bxb2 15.Qxb2 Bd7
16.Rfe1 Be8 17.Rab1 Nd7 18.b4 axb4 19.axb4 Ra4 20.b5 Na5 21.Bf1 Nc5 22.Re3 b6
23.Be2 Qc7 24.Rc1 Nab7 25.Bd1 Raa8 26.Bc2 f6 27.Qb1 g6 28.Ne4 Qg7 29.Rce1 Rac8
30.Nfd2 Bf7 31.Qa1 e5 32.Qa7 f5 33.Nxc5 Nxc5 34.Nb3 Nd7 35.c5 Ra8 36.Qc7 Rac8
37.Qa7 Ra8 38.Qc7 Rac8  1/2-1/2

[Event "Helsinki op"]
[Site "Helsinki"]
[Date "1992.??.??"]
[Round "8"]
[White "Kuporosov, Viktor"]
[Black "Ehlvest, Jaan"]
[Result "1/2-1/2"]
[WhiteElo "2510"]
[BlackElo "2635"]

1.Nf3 g6 2.e4 d6 3.d4 Nf6 4.Bd3 Bg7 5.O-O O-O 6.h3 Nc6 7.c3 e5 8.Re1 a6 9.Be3 h6
10.Na3 Re8 11.Qd2 exd4 12.cxd4 Nxe4 13.Bxe4 Rxe4 14.Bxh6 d5 15.Bxg7 Kxg7
16.Nc2 Qf6 17.Qg5 Bf5 18.Qxf6+ Kxf6 19.Ne3 Be6 20.Rad1 Rf4 21.Kh2 Rh8 22.Kg1 Re4
23.a3 g5 24.Nc2 Ne7 25.Rxe4 dxe4 26.Nd2 Nf5 27.Kh2 Nd6 28.Re1 Rh4 29.Ne3 c6
30.g4 Rh8 31.Kg3 Kg6 32.Rh1 Rd8 33.h4 gxh4+ 34.Rxh4 a5 35.Kf4 Nb5 36.Nf5 Bxf5
37.gxf5+ Kf6 38.Nxe4+ Ke7 39.Rh7 Rxd4 40.f3 Nd6 41.Rh8 a4 42.Ra8 f6 43.Ra7 Kd7
44.Ke3 Nxf5+ 45.Kf4 Nd6 46.Ke3 Nf5+ 47.Kf4 Kc7 48.Ra8 Nd6 49.Ke3 Rc4 50.Kd3 Rc1
51.Nxd6 Kxd6 52.Rxa4 Ke5 53.Re4+ Kf5 54.Rb4 b5 55.a4 bxa4 56.Rxa4 Rb1 57.Rc4 Rxb2
58.Rxc6  1/2-1/2

[Event "Katerini op"]
[Site "Katerini"]
[Date "1992.??.??"]
[Round "?"]
[White "Tseitlin, Mikhail S"]
[Black "Ehlvest, Jaan"]
[Result "0-1"]
[WhiteElo "2495"]
[BlackElo "2635"]

1.e4 c5 2.Nf3 e6 3.Nc3 d6 4.d4 cxd4 5.Qxd4 Nc6 6.Bb5 Bd7 7.Qd3 a6 8.Bxc6 Bxc6
9.Bf4 Nf6 10.O-O-O Be7 11.Rhe1 Ng4 12.Qe2 Qc7 13.Bg3 O-O 14.Nd4 Nf6 15.f4 Rfe8
16.e5 dxe5 17.fxe5 Nd5 18.Ne4 Qb6 19.Qg4 Kh8 20.Bh4 Nb4 21.Kb1 Bxe4 22.Rxe4 Bxh4
23.Qxh4 Rad8 24.a3 Nc6 25.Rd3 h6 26.Qf4 Nxd4 27.Rexd4 Rxd4 28.Rxd4 Qc7 29.h4 Kg8
30.Rd6 Rc8 31.Qe4 h5 32.c3 g6 33.Qf4 Qe7 34.Qd4 Qc7 35.g3 Qc4 36.Qf4 Qxf4
37.gxf4 Rc4 38.Rd4 Rxd4 39.cxd4 f6 40.exf6 Kf7 41.Kc2 Kxf6 42.Kd3 Kf5 43.Ke3 Kg4
44.Ke4 Kxh4 45.Ke5 Kg4 46.Kxe6 h4 47.d5 h3 48.d6 h2 49.d7 h1=Q 50.d8=Q Qe4+
51.Kf7 Kxf4 52.Qh4+ Ke5 53.Qf6+ Kd5 54.Qc3 Qf5+ 55.Kg8 Kd6 56.Qb4+ Kc6 57.Qc4+ Kd7
58.Qd4+ Kc8 59.Qc3+ Kb8 60.Qg3+ Ka8 61.Qd6 g5 62.Kg7 Qf4 63.Qc5 Kb8 64.Qd5 g4
65.b4 g3 66.b5 Qc7+ 67.Kg6 Qb6+ 68.Kf7 axb5 69.Qg5 Qc7+ 70.Ke6 Ka7 71.Qd2 g2
72.Qxg2 Qc6+ 73.Qxc6 bxc6 74.Ke5 Ka6 75.Ke6 Ka5 76.Kd6 Kb6  0-1

[Event "Katerini op"]
[Site "Katerini"]
[Date "1992.??.??"]
[Round "?"]
[White "Conquest, Stuart"]
[Black "Ehlvest, Jaan"]
[Result "0-1"]
[WhiteElo "2495"]
[BlackElo "2635"]

1.e4 c5 2.Nf3 d6 3.d4 cxd4 4.Nxd4 Nf6 5.Nc3 a6 6.Be2 Bd7 7.Be3 Nc6 8.O-O e6
9.a4 Be7 10.f4 O-O 11.Nb3 b6 12.Qd2 Bc8 13.Bf3 Bb7 14.g4 Nd7 15.Rad1 Nc5
16.Qf2 Qc7 17.g5 Rfe8 18.h4 Bf8 19.h5 Nb4 20.Bg2 Rab8 21.Rd2 Ba8 22.Nd4 Nc6
23.Qg3 Nxd4 24.Bxd4 b5 25.axb5 axb5 26.b4 e5 27.fxe5 Ne6 28.g6 fxg6 29.Bf2 dxe5
30.hxg6 Bxb4 31.Nd5 Bxd5 32.Rxd5 Nf4 33.Qh2 hxg6 34.Rdd1 Bc5 35.Bxc5 Qxc5+
36.Kh1 Qxc2  0-1

[Event "Katerini op"]
[Site "Katerini"]
[Date "1992.??.??"]
[Round "?"]
[White "Ehlvest, Jaan"]
[Black "Pandavos, Panayotis"]
[Result "1-0"]
[WhiteElo "2635"]
[BlackElo "2430"]

1.d4 d6 2.e4 Nf6 3.Nc3 g6 4.Be3 Bg7 5.Qd2 O-O 6.O-O-O c6 7.f3 b5 8.h4 b4
9.Nce2 Qa5 10.Kb1 c5 11.h5 c4 12.hxg6 fxg6 13.Bh6 c3 14.Qe3 Be6 15.d5 b3
16.Nxc3 Bxh6 17.Qxh6 bxc2+ 18.Kxc2 Bd7 19.Bd3 Ba4+ 20.Kb1 Nbd7 21.Nxa4 Qxa4
22.Nh3 Rab8 23.Rd2 Qb4 24.Rc2 Rf7 25.Ng5 Ne5 26.Nxf7 Nxd3  1-0

[Event "Katerini op"]
[Site "Katerini"]
[Date "1992.??.??"]
[Round "?"]
[White "Mastoras, Ilias"]
[Black "Ehlvest, Jaan"]
[Result "0-1"]
[WhiteElo "2300"]
[BlackElo "2635"]

1.e4 g6 2.d4 d6 3.g3 Bg7 4.Bg2 c5 5.Ne2 cxd4 6.Nxd4 Nc6 7.Ne2 h5 8.h4 Bg4
9.O-O Qd7 10.f3 Bh3 11.Nbc3 Bxg2 12.Kxg2 Nf6 13.Nf4 O-O 14.Ncd5 Nh7 15.Rb1 Ne5
16.Ne3 b5 17.b3 Rac8 18.Qd2 Rfd8 19.Bb2 e6 20.Rfd1 Qb7 21.Nd3 Qb6 22.f4 Nxd3
23.cxd3 Bxb2 24.Rxb2 Nf6 25.f5 exf5 26.Nxf5 Rd7 27.Rf1 Ng4 28.Qg5 Qd8 29.Nh6+ Nxh6
30.Qxh6 Rdc7 31.Qf4 Qd7 32.Rbf2 Rc2 33.Rxc2 Rxc2+ 34.Rf2 Qc7 35.Qe3 a5 36.Kf3 Rc3
37.Qf4 b4 38.Ke3 Rc1 39.Qf6 Rc5 40.Qd4 Re5 41.Rf6 Qc1+ 42.Kf2 Rc5 43.Kg2 Rc2+
44.Rf2 Rxf2+ 45.Qxf2 Qd1 46.Qa7 Qc2+ 47.Kh3 Qb1 48.Qa8+  0-1

[Event "FIN-EST m"]
[Site "Kellokoski"]
[Date "1992.??.??"]
[Round "?"]
[White "Ehlvest, Jaan"]
[Black "Yrjola, Jouni"]
[Result "1/2-1/2"]
[WhiteElo "2615"]
[BlackElo "2485"]

1.d4 Nf6 2.Nf3 g6 3.c4 Bg7 4.g3 O-O 5.Bg2 d5 6.cxd5 Nxd5 7.O-O Nb6 8.Nc3 Nc6
9.d5 Na5 10.e4 c6 11.Re1 Re8 12.Bg5 h6 13.Bf4 cxd5 14.exd5 Nac4 15.Ne5 Nxe5
16.Bxe5 Bxe5 17.Rxe5 Nc4 18.Re1 Bd7 19.Qc1 h5 20.Ne4 Nd6 21.Qh6 Nf5 22.Qd2 Qb6
23.Rac1 Rad8 24.Red1 Be6 25.Rc5 f6 26.Qc3 Bf7 27.b4  1/2-1/2

[Event "Komotini op"]
[Site "Komotini"]
[Date "1992.??.??"]
[Round "?"]
[White "Grivas, Efstratios"]
[Black "Ehlvest, Jaan"]
[Result "1/2-1/2"]
[WhiteElo "2465"]
[BlackElo "2635"]

1.d4 Nf6 2.Nf3 d6 3.c4 g6 4.Nc3 Bg7 5.e4 O-O 6.h3 Na6 7.Bg5 h6 8.Be3 e5 9.d5 Nc5
10.Nd2 a5 11.g4 c6 12.Be2 Bd7 13.f3 Rb8 14.Nb3 b6 15.Qd2 cxd5 16.cxd5 a4
17.Nxc5 bxc5 18.Nb1 Rb4 19.Na3 Qb8 20.Rb1 Kh7 21.O-O Ng8 22.Rfc1 f5 23.Rc4 fxe4
24.fxe4 Nf6 25.Bd3 Rb7 26.Rc2 h5 27.g5 Ne8 28.Qg2 Nc7 29.Rf1 Rxf1+ 30.Bxf1 Nb5
31.Bxb5 Bxb5 32.Nxb5 Rxb5 33.Qe2 Rb4 34.Bf2 Qf8 35.Rc4 Qf4 36.h4  1/2-1/2

[Event "Komotini op"]
[Site "Komotini"]
[Date "1992.??.??"]
[Round "?"]
[White "Ehlvest, Jaan"]
[Black "Bellin, Robert"]
[Result "1-0"]
[WhiteElo "2635"]
[BlackElo "2395"]

1.d4 f5 2.g3 Nf6 3.Bg2 e6 4.Nf3 Be7 5.c4 d5 6.O-O O-O 7.Nbd2 c6 8.b3 Bd7
9.Ne5 Be8 10.Ndf3 Ne4 11.Nd3 Nd7 12.Bb2 a5 13.a4 Kh8 14.Qc2 Rc8 15.Rac1 Bh5
16.Nf4 Bf7 17.Rcd1 Qc7 18.Nd3 dxc4 19.bxc4 c5 20.dxc5 Bf6 21.Nd4 Bxd4 22.Bxd4 e5
23.Ba1 Nexc5 24.Nxc5 Nxc5 25.Qxf5 Bxc4 26.Qg4 Bb3 27.Rc1 b6 28.Qh5 Qe7 29.Bh3 Rce8
30.Bf5 Bg8 31.Bg6 Rc8 32.Bxe5 Nxa4 33.Ba1 Rc5 34.Rxc5 Nxc5 35.Rd1 Nd7 36.Bd3 Nc5
37.Bc2 Qf7 38.Qxf7 Bxf7 39.Rd6 Rb8 40.Be5 a4 41.Rh6 Re8 42.Rxh7+ Kg8 43.Rxg7+ Kf8
44.Rg5 Rxe5 45.Rxe5 a3 46.Bb1 a2 47.Bxa2 Bxa2 48.Kf1 Nd7 49.Rf5+ Kg7 50.Ke1 Bc4
51.Kd2 b5 52.e4 b4 53.Ra5 Bf7 54.Rb5 b3 55.Kc3 Nf6 56.f3 Ne8 57.Rb6 Nc7 58.f4 Ne8
59.Kd4  1-0